Africa's development impasse rethinking the political economy of transformation /

Bibliographic Details
Main Author: Andreasson, Stefan.
Corporate Author: ProQuest (Firm)
Format: Electronic eBook
Language:English
Published: London : Zed Books, c2010.
Subjects:
Online Access:Click to View
LEADER 01559nam a2200409Ia 4500
001 EBC488155
003 MiAaPQ
005 20200520144314.0
006 m o d |
007 cr cn|||||||||
008 090603s2010 enk sb 001 0 eng d
020 |z 9781842779712 (hbk.) 
020 |z 1842779710 (hbk.) 
020 |z 9781842779729 (pbk.) 
020 |z 1842779729 (pbk.) 
020 |a 9781848135444 (electronic bk.) 
035 |a (MiAaPQ)EBC488155 
035 |a (Au-PeEL)EBL488155 
035 |a (CaPaEBR)ebr10370407 
035 |a (CaONFJC)MIL254346 
035 |a (OCoLC)609856893 
040 |a MiAaPQ  |c MiAaPQ  |d MiAaPQ 
050 4 |a HC905  |b .A63 2010 
100 1 |a Andreasson, Stefan. 
245 1 0 |a Africa's development impasse  |h [electronic resource] :  |b rethinking the political economy of transformation /  |c Stefan Andreasson. 
260 |a London :  |b Zed Books,  |c c2010. 
300 |a 258 p. 
504 |a Includes bibliographical references and index. 
533 |a Electronic reproduction. Ann Arbor, MI : ProQuest, 2015. Available via World Wide Web. Access may be limited to ProQuest affiliated libraries. 
650 0 |a Economic development  |z Africa. 
650 0 |a Economic development  |z Africa  |x Regional disparities. 
651 0 |a Africa  |x Economic conditions. 
651 0 |a Africa  |x Economic conditions  |x Regional disparities. 
651 0 |a Africa  |x Politics and government. 
655 4 |a Electronic books. 
710 2 |a ProQuest (Firm) 
856 4 0 |u https://ebookcentral.proquest.com/lib/matrademy/detail.action?docID=488155  |z Click to View